Reinventing Transit Experience At Baiyyappanahalli Bengaluru India. (Record no. 361828)

MARC details
000 -LEADER
fixed length control field 00283nam a2200097Ia 4500
008 - FIXED-LENGTH DATA ELEMENTS--GENERAL INFORMATION
fixed length control field 241105s9999 xx 000 0 und d
041 ## - LANGUAGE CODE
Language code of text/sound track or separate title eng
100 ## - MAIN ENTRY--PERSONAL NAME
Personal name Kale Aloka.
9 (RLIN) 183850
245 ## - TITLE STATEMENT
Title Reinventing Transit Experience At Baiyyappanahalli Bengaluru India.
260 ## - PUBLICATION, DISTRIBUTION, ETC. (IMPRINT)
Name of publisher, distributor, etc. BNCA, Pune
Date of publication, distribution, etc. 2019

No items available.